स्मृतियां:अवनीन्द्रनाथ,ठाकुर: घरोया / (Record no. 51132)

MARC details
000 -LEADER
fixed length control field 01306nam a22002537a 4500
005 - DATE AND TIME OF LATEST TRANSACTION
control field 20080929101452.0
008 - FIXED-LENGTH DATA ELEMENTS--GENERAL INFORMATION
fixed length control field 080929t xxu||||| |||| 00| 0chin d
010 ## - LCCN (DPL NO)
LC control number HIN-92072
020 ## - INTERNATIONAL STANDARD BOOK NUMBER
International Standard Book Number 9789380870229
Terms of availability 250.00
035 ## - SYSTEM CONTROL NUMBER
System control number HN-64418
037 ## - SOURCE OF ACQUISITION
Source of stock number/acquisition DBAD / PUB
040 ## - CATALOGING SOURCE
Original cataloging agency DPL
Language of cataloging HN
082 ## - DEWEY DECIMAL CLASSIFICATION NUMBER
Classification number 181
100 ## - MAIN ENTRY--PERSONAL NAME
Personal name ठाकुर अवनीन्द्रनाथ,रानी चन्दा
9 (RLIN) 26640
245 ## - TITLE STATEMENT
Title स्मृतियां:अवनीन्द्रनाथ,ठाकुर: घरोया /
Statement of responsibility, etc अवनीन्द्रनाथ,ठाकुर ,रानी चन्दा; वीरेन्द्र नारायण सक्सेना द्वारा अनुदित
246 ## - VARYING FORM OF TITLE
Title proper/short title Simritiya:Avindernath Thakur:Ghroya
Remainder of title by Avindernath Thakur,Rani chandra
260 ## - PUBLICATION, DISTRIBUTION, ETC. (IMPRINT)
Place of publication, distribution, etc जयपुर
Name of publisher, distributor, etc अनु प्रकाशन
Date of publication, distribution, etc 2011
270 ## - ADDRESS
Address 958, धामाणी मार्केट की गली चौडां रास्ता
City जयपुर
Electronic mail address sahityagarjpr@yahoo.co.in
Telephone number 0141-2310785,4022382,3255629
300 ## - PHYSICAL DESCRIPTION
Extent 140पृ.
Dimensions 22सेमी (सजिल्द)
650 ## - SUBJECT ADDED ENTRY--TOPICAL TERM
9 (RLIN) 697
650 ## - SUBJECT ADDED ENTRY--TOPICAL TERM
9 (RLIN) 698
700 ## - ADDED ENTRY--PERSONAL NAME
9 (RLIN) 26643
Personal name वीरेन्द्र नारायण सक्सेना
942 ## - ADDED ENTRY ELEMENTS (KOHA)
Source of classification or shelving scheme Dewey Decimal Classification
Item type Hindi Books
Classification part 921
Call number suffix ठाकुर

No items available.


© Delhi Public Library
Hit Counter
free hit counter